000 00529nam a2200193Ia 4500
008 131103s9999 xx 000 0 und d
040 _aLoreto College
041 _aEnglish
082 _a844/MON
_bLCLIB/
100 _aGide, Andre
245 4 _aThe living thoughts of Montaigne
_cAndre Gide
260 _aLondon
_bCassel
_c1946
300 _a138p.
_c 18cm.
440 _aThe living thoughts library
650 _aMontaigne, Seigneur De - 1533 - 1592
651 _aFrench essays
850 _aLCLIB/844/MON
942 _cBK
999 _c24347
_d74826